Determinación rápida de graduaciones alcohólicas en vinos y cervezas con destilador a espiral : aparato, técnica, resultados /

Guardado en:
Autor Principal: Piazza, José.
Otros Autores: Rouzaut, Rodolfo.
Formato: Libro
Idioma:Spanish
Etiquetas: Agregar Etiqueta
Sin Etiquetas, Sea el primero en etiquetar este registro!
LEADER 00517nam a22001455a 4500
001 EUN.um036660
003 AR-BaUNS
005 20050623122909.0
008 041125b########xx############000#0#spa#d
245 1 0 |a Determinación rápida de graduaciones alcohólicas en vinos y cervezas con destilador a espiral :  |b aparato, técnica, resultados /  |c José Piazza, Rodolfo Rouzaut. 
100 1 |a Piazza, José. 
700 1 |a Rouzaut, Rodolfo. 
082 0 4 |a 661.8 
082 0 4 |a 663.2 
859 |a Ar-BaUNS  |b BIB. CENTRAL - Sector C  |h 661.8  |i P577  |p 95141/988